Name a Valid Book of the Protestant Bible by Name Length - Statistics

General Stats
  • This quiz has been taken 23 times
  • The average score is 8 of 12
Answer Stats
Characters No. Of Books Books of the Bible % Correct
6 13 Exodus | Joshua | Judges | 1 Kings | 2 Kings | Esther | Psalms | Isaiah | Daniel | Haggai | Romans | 1 Peter | 2 Peter
95%
4 9 Ruth | Ezra | Joel | Amos | Mark | Luke | John | Acts | Jude
95%
7 9 Genesis | Numbers | 1 Samuel | 2 Samuel | Ezekiel | Obadiah | Malachi | Matthew | Hebrews
90%
3 1 Job
90%
9 5 Leviticus | Zephaniah | Zechariah | Galatians | Ephesians
85%
12 4 Ecclesiastes | Lamentations | 1 Corinthians | 2 Corinthians
75%
11 4 Deuteronomy | 1 Chronicles | 2 Chronicles | Philippians
70%
5 9 Hosea | Jonah | Micah | Nahum | Titus | James | 1 John | 2 John | 3 John
70%
10 2 Colossians | Revelation
60%
8 7 Nehemiah | Proverbs | Jeremiah | Habakkuk | 1 Timothy | 2 Timothy | Philemon
60%
13 1 Song of Solomon
30%
14 2 1 Thessalonians | 2 Thessalonians
25%
No matching quizzes found
Score Distribution
Percent of People with Each Score
Percentile by Number Answered
Your Score History
You have not taken this quiz